[Event "NatWest Young Masters 4th"]
[Site "London"]
[Date "1987.10.09"]
[Round "7"]
[White "Mannion, Stephen R"]
[Black "Lane, Gary William"]
[Result "0-1"]
[WhiteElo "2280"]
[BlackElo "2285"]
[PlyCount "70"]
[EventDate "1987.10.03"]
[EventType "tourn"]
[EventRounds "9"]
[EventCountry "ENG"]
[EventCategory "3"]
[SourceTitle "BritBase"]
[Source "John Saunders"]
[SourceDate "2022.12.30"]
[SourceVersion "1"]
[SourceVersionDate "2022.12.30"]
[SourceQuality "1"]

1. e4 e5 2. Nf3 Nc6 3. Bb5 a6 4. Ba4 Nf6 5. d4 exd4 6. O-O Be7 7. Re1 b5 8. e5
Nxe5 9. Nxe5 bxa4 10. Qxd4 O-O 11. Nc3 Rb8 12. a3 Rb6 13. Qxa4 Re6 14. Bg5 Bb7
15. Qb3 Rb6 16. Qa4 Re6 17. Qb3 Qa8 18. Bxf6 Rxf6 19. Nxd7 Rg6 20. g3 Bh1 21.
f3 Qxf3 22. Re2 Bg5 23. Qd5 Qxd5 24. Nxd5 Bxd5 25. Nxf8 Kxf8 26. Rae1 Be6 27.
b3 Bf6 28. c4 Bd4+ 29. Kg2 c5 30. b4 Bc3 31. Rb1 Bxc4 32. Re3 Bd4 33. Ree1 Bd5+
34. Kh3 f5 35. g4 Bf2 0-1

[Event "NatWest Young Masters 4th"]
[Site "London"]
[Date "1987.10.09"]
[Round "7"]
[White "Vlahos, Kiriakos"]
[Black "Jacobs, Byron A"]
[Result "0-1"]
[WhiteElo "2275"]
[BlackElo "2390"]
[PlyCount "79"]
[EventDate "1987.10.03"]
[EventType "tourn"]
[EventRounds "9"]
[EventCountry "ENG"]
[EventCategory "3"]
[SourceTitle "BritBase"]
[Source "John Saunders"]
[SourceDate "2022.12.30"]
[SourceVersion "1"]
[SourceVersionDate "2022.12.30"]
[SourceQuality "1"]

1. c4 Nf6 2. Nc3 c5 3. Nf3 e6 4. d4 cxd4 5. Nxd4 Bb4 6. Ndb5 O-O 7. a3 Bxc3+ 8.
Nxc3 d5 9. e3 Nc6 10. Be2 Qe7 11. cxd5 Rd8 12. e4 exd5 13. exd5 Qe5 14. f4 Qe7
15. Kf2 Be6 16. Bf3 Nxd5 17. Nxd5 Bxd5 18. Bxd5 Qc5+ 19. Be3 Qxd5 20. Qxd5 Rxd5
21. Rhd1 Rad8 22. Rxd5 Rxd5 23. g4 Kf8 24. Rc1 Ke7 25. Kf3 f5 26. h3 g6 27. Rc3
Kd7 28. Rb3 b5 29. a4 b4 30. Ke2 fxg4 31. hxg4 h5 32. f5 hxg4 33. fxg6 Ke6 34.
Rd3 Ra5 35. Bf4 Ne7 36. g7 Kf7 37. Rd7 Kxg7 38. Rxe7+ Kf6 39. Rb7 Rxa4 40. Kd2
{time?} 0-1

[Event "NatWest Young Masters 4th"]
[Site "London"]
[Date "1987.10.09"]
[Round "7"]
[White "Whiteley, Andrew J"]
[Black "Arkell, Keith C"]
[Result "1-0"]
[WhiteElo "2380"]
[BlackElo "2400"]
[PlyCount "55"]
[EventDate "1987.10.03"]
[EventType "tourn"]
[EventRounds "9"]
[EventCountry "ENG"]
[EventCategory "3"]
[SourceTitle "BritBase"]
[Source "John Saunders"]
[SourceDate "2022.12.30"]
[SourceVersion "1"]
[SourceVersionDate "2022.12.30"]
[SourceQuality "1"]

1. Nf3 b5 2. g3 Bb7 3. Bg2 c5 4. O-O Nf6 5. d3 d5 6. Nbd2 Qc8 7. Re1 e6 8. e4
Be7 9. e5 Nfd7 10. Nf1 Nc6 11. h4 a5 12. Bg5 Bxg5 13. hxg5 h6 14. Qd2 Qc7 15.
c3 d4 16. cxd4 Nxd4 17. Nxd4 cxd4 18. Rac1 Qb6 19. gxh6 Rxh6 20. Qg5 Kf8 21.
Nd2 Bxg2 22. Kxg2 Qb7+ 23. Nf3 Kg8 24. Qe7 Rc8 25. Rxc8+ Qxc8 26. Ng5 Qa8+ 27.
f3 Qc8 28. Rc1 {Source: BCM, December 1987, p521} 1-0

[Event "NatWest Young Masters 4th"]
[Site "London"]
[Date "1987.10.10"]
[Round "8"]
[White "Adams, Michael"]
[Black "Fatin, Tarek"]
[Result "0-1"]
[WhiteElo "2360"]
[BlackElo "2305"]
[PlyCount "156"]
[EventDate "1987.10.03"]
[EventType "tourn"]
[EventRounds "9"]
[EventCountry "ENG"]
[EventCategory "3"]
[SourceTitle "BritBase"]
[Source "John Saunders"]
[SourceDate "2022.12.30"]
[SourceVersion "1"]
[SourceVersionDate "2022.12.30"]
[SourceQuality "1"]

1. e4 c5 2. Nf3 Nc6 3. Bb5 g6 4. O-O Bg7 5. Re1 a6 6. Bxc6 dxc6 7. Nc3 e5 8. a4
a5 9. b3 Ne7 10. Bb2 O-O 11. d3 Qc7 12. Kh1 Bd7 13. Qd2 h6 14. Ne2 b6 15. Nfg1
Rae8 16. f4 exf4 17. Bxg7 Kxg7 18. Nxf4 Ng8 19. Nf3 Bg4 20. Rf1 g5 21. Ne2 f5
22. exf5 Bxf5 23. Ng3 Bg6 24. Rae1 Nf6 25. Rxe8 Rxe8 26. Qc3 Qd6 27. Qa1 Re6
28. d4 Kh7 29. dxc5 bxc5 30. Qc3 Nd5 31. Qxa5 Ne3 32. Re1 g4 33. Nd2 Bxc2 34.
Qc3 Qd4 35. Rxe3 Rxe3 36. Qxc2+ Rd3 37. Ne2 Qe3 38. Nc4 Qe4 39. Kg1 Kh8 40. a5
Qd5 41. Qb2+ Kg8 42. Nf4 Rd1+ 43. Kf2 Qe4 44. Qe5 Rd2+ 45. Kg3 Rxg2+ 46. Kh4
Rxh2+ 47. Kxg4 Rg2+ 48. Kh4 Rh2+ 49. Kg3 Qxe5 50. Nxe5 Rb2 51. Nxc6 Rxb3+ 52.
Kh4 Ra3 53. Nd5 Kf7 54. Nc7 Ra4+ 55. Kh5 c4 56. Nb5 Kg7 57. Nc3 Ra1 58. Kg4 Kh7
59. Ne4 c3 60. Nxc3 Rc1 61. a6 Rxc3 62. a7 Ra3 63. Kh4 Ra4+ 64. Kh3 Kg7 65. Kg3
Kf6 66. Kh3 Kg5 67. Kg3 Ra3+ 68. Kg2 h5 69. Kh2 h4 70. Ne5 Rxa7 71. Nf3+ Kf4
72. Nd4 Kg4 73. Kg2 Ra2+ 74. Kg1 Rd2 75. Nb3 Rd5 76. Kh2 h3 77. Nc1 Rd2+ 78.
Kg1 Kg3 0-1

[Event "NatWest Young Masters 4th"]
[Site "London"]
[Date "1987.10.10"]
[Round "8"]
[White "Jacobs, Byron A"]
[Black "Mannion, Stephen R"]
[Result "1-0"]
[WhiteElo "2390"]
[BlackElo "2280"]
[PlyCount "55"]
[EventDate "1987.10.03"]
[EventType "tourn"]
[EventRounds "9"]
[EventCountry "ENG"]
[EventCategory "3"]
[SourceTitle "BritBase"]
[Source "John Saunders"]
[SourceDate "2022.12.30"]
[SourceVersion "1"]
[SourceVersionDate "2022.12.30"]
[SourceQuality "1"]

1. e4 e5 2. Nf3 Nc6 3. Bb5 a6 4. Ba4 Nf6 5. O-O Be7 6. Re1 b5 7. Bb3 d6 8. c3
O-O 9. d4 Bg4 10. Be3 exd4 11. cxd4 Na5 12. Bc2 c5 13. dxc5 dxc5 14. Nbd2 Re8
15. Qb1 h6 16. e5 Nd5 17. Bh7+ Kh8 18. Bf5 Bxf3 19. Nxf3 Nxe3 20. Rxe3 Nc4 21.
Re2 Qc7 22. Qc2 Rad8 23. Rae1 Rf8 24. b3 Nb6 25. e6 fxe6 26. Bxe6 Bf6 27. Qg6
Bc3 28. Ng5 {Source: BCM, December 1987, p521} 1-0

[Event "NatWest Young Masters 4th"]
[Site "London"]
[Date "1987.10.10"]
[Round "8"]
[White "Lane, Gary William"]
[Black "Martin, Andrew D"]
[Result "1/2-1/2"]
[WhiteElo "2285"]
[BlackElo "2375"]
[PlyCount "25"]
[EventDate "1987.10.03"]
[EventType "tourn"]
[EventRounds "9"]
[EventCountry "ENG"]
[EventCategory "3"]
[SourceTitle "BritBase"]
[Source "John Saunders"]
[SourceDate "2022.12.30"]
[SourceVersion "1"]
[SourceVersionDate "2022.12.30"]
[SourceQuality "1"]

1. e4 c6 2. d4 g6 3. Nf3 Bg7 4. h3 d6 5. c3 Nf6 6. Bd3 O-O 7. O-O Qc7 8. Bg5 e5
9. Nbd2 Nbd7 10. Re1 h6 11. Be3 Nh5 12. dxe5 dxe5 13. a4 1/2-1/2

[Event "NatWest Young Masters 4th"]
[Site "London"]
[Date "1987.10.10"]
[Round "8"]
[White "Whiteley, Andrew J"]
[Black "Vlahos, Kiriakos"]
[Result "1/2-1/2"]
[WhiteElo "2380"]
[BlackElo "2275"]
[PlyCount "34"]
[EventDate "1987.10.03"]
[EventType "tourn"]
[EventRounds "9"]
[EventCountry "ENG"]
[EventCategory "3"]
[SourceTitle "BritBase"]
[Source "John Saunders"]
[SourceDate "2022.12.30"]
[SourceVersion "1"]
[SourceVersionDate "2022.12.30"]
[SourceQuality "1"]

1. d4 d5 2. c4 dxc4 3. Nf3 Nf6 4. Nc3 c6 5. a4 Bf5 6. Ne5 Nbd7 7. Nxc4 e6 8. g3
Nb6 9. Ne5 Bg6 10. a5 Nbd5 11. Bg2 Bb4 12. Qb3 Bxa5 13. Qxb7 O-O 14. Qb3 Rb8
15. Qa4 Bb6 16. Nxd5 Nxd5 17. Bd2 c5 1/2-1/2

[Event "NatWest Young Masters 4th"]
[Site "London"]
[Date "1987.10.11"]
[Round "9"]
[White "Fatin, Tarek"]
[Black "Lane, Gary William"]
[Result "0-1"]
[WhiteElo "2305"]
[BlackElo "2285"]
[PlyCount "78"]
[EventDate "1987.10.03"]
[EventType "tourn"]
[EventRounds "9"]
[EventCountry "ENG"]
[EventCategory "3"]
[SourceTitle "BritBase"]
[Source "John Saunders"]
[SourceDate "2022.12.30"]
[SourceVersion "1"]
[SourceVersionDate "2022.12.30"]
[SourceQuality "1"]

1. c4 Nf6 2. Nc3 g6 3. g3 Bg7 4. Bg2 O-O 5. Nf3 d6 6. O-O Nc6 7. d3 e5 8. Rb1
h6 9. b4 a6 10. a4 Be6 11. b5 axb5 12. axb5 Ne7 13. Bb2 Qd7 14. Ra1 Rab8 15.
Qc2 Bh3 16. Rfd1 Bxg2 17. Kxg2 Qe6 18. e4 Nh5 19. Nd5 Nxd5 20. cxd5 Qd7 21. Ra5
f5 22. Ng1 f4 23. f3 fxg3 24. hxg3 Qd8 25. Bc1 c6 26. Qa2 c5 27. Be3 Qd7 28.
Qa4 g5 29. Ne2 Rxf3 30. Kxf3 Rf8+ 31. Kg2 Qg4 32. Qc2 Qf3+ 33. Kh2 Qxe3 34. Rg1
Rf2+ 35. Rg2 Qf3 36. Rxf2 Qxf2+ 37. Kh3 Nf6 38. g4 h5 39. Ra8+ Kh7 {Source:
BCM, December 1987, p521} 0-1

[Event "NatWest Young Masters 4th"]
[Site "London"]
[Date "1987.10.11"]
[Round "9"]
[White "Mannion, Stephen R"]
[Black "Whiteley, Andrew J"]
[Result "1-0"]
[WhiteElo "2280"]
[BlackElo "2380"]
[PlyCount "53"]
[EventDate "1987.10.03"]
[EventType "tourn"]
[EventRounds "9"]
[EventCountry "ENG"]
[EventCategory "3"]
[SourceTitle "BritBase"]
[Source "John Saunders"]
[SourceDate "2022.12.30"]
[SourceVersion "1"]
[SourceVersionDate "2022.12.30"]
[SourceQuality "1"]

1. e4 e6 2. d4 d5 3. Nd2 Nf6 4. e5 Nfd7 5. c3 c5 6. f4 cxd4 7. cxd4 Nc6 8. Ndf3
h5 9. Bd3 Nb6 10. Ne2 Bd7 11. O-O Be7 12. Qe1 Nb4 13. Bb1 Bb5 14. f5 Nd3 15.
Qd2 Nxc1 16. Rxc1 Nc4 17. Qc3 Bg5 18. fxe6 fxe6 19. Bg6+ Kd7 20. b3 Bxc1 21.
bxc4 Bxc4 22. Nxc1 Rh6 23. Bc2 g5 24. Qb4 g4 25. Qxb7+ Ke8 26. Qg7 gxf3 27.
Ba4+ 1-0

[Event "NatWest Young Masters 4th"]
[Site "London"]
[Date "1987.10.11"]
[Round "9"]
[White "Vlahos, Kiriakos"]
[Black "Arkell, Keith C"]
[Result "0-1"]
[WhiteElo "2275"]
[BlackElo "2400"]
[PlyCount "114"]
[EventDate "1987.10.03"]
[EventType "tourn"]
[EventRounds "9"]
[EventCountry "ENG"]
[EventCategory "3"]
[SourceTitle "BritBase"]
[Source "John Saunders"]
[SourceDate "2022.12.30"]
[SourceVersion "1"]
[SourceVersionDate "2022.12.30"]
[SourceQuality "1"]

1. c4 e5 2. Nc3 Nc6 3. Nf3 Bb4 4. Qc2 d6 5. a3 Bxc3 6. Qxc3 Nge7 7. d4 exd4 8.
Nxd4 Nxd4 9. Qxd4 O-O 10. Bg5 Nc6 11. Qd2 f6 12. Bf4 Be6 13. e3 a5 14. c5 d5
15. Bb5 Ne5 16. O-O c6 17. Be2 a4 18. Qd4 Re8 19. Bh5 g6 20. Be2 Bf5 21. Bg3
Nd7 22. Rac1 Qe7 23. Qb4 Ne5 24. Rfd1 Reb8 25. Rd4 Qc7 26. Qc3 Ra5 27. Rb4 Rba8
28. f3 Qe7 29. Be1 R8a7 30. Bg3 Ra8 31. Qd4 Re8 32. Rc3 Rea8 33. Kf2 Kf7 34.
Qh4 g5 35. Qd4 Re8 36. h4 h6 37. hxg5 hxg5 38. f4 gxf4 39. Qxf4 Bg6 40. Bh4 Ra7
41. g4 Be4 42. Rxe4 dxe4 43. g5 Rh8 44. gxf6 Qe6 45. Qg5 Rxh4 46. Qxh4 Qxf6+
47. Qxf6+ Kxf6 48. Kg3 Kg5 49. Rc1 Ra5 50. Rc3 Nd7 51. Rc4 Nxc5 52. Rd4 Kf5 53.
Rb4 Ra8 54. Rd4 Ke5 55. Kf2 Rh8 56. Ke1 Rh1+ 57. Kd2 Nb3+ 0-1